000
00351nam a2200145Ia 4500
005
20250423094914.0
008
250422s9999 xx 000 0 und d
020
_a
9780558521844
245
0
_a
Corporate finance and portfolio management level I
260
_a
New York
260
_b
CFA Institute
260
_c
2011
300
_a
489 p
942
_c
BK
999
_c
28649
_d
28649